Trounce's clinical pharmacology for nurses (Record no. 2206)

MARC details
000 -LEADER
fixed length control field 00582nam a22002177a 4500
003 - CONTROL NUMBER IDENTIFIER
control field OSt
005 - DATE AND TIME OF LATEST TRANSACTION
control field 20150901144255.0
008 - FIXED-LENGTH DATA ELEMENTS--GENERAL INFORMATION
fixed length control field 150901b xxu||||| |||| 00| 0 eng d
020 ## - INTERNATIONAL STANDARD BOOK NUMBER
International Standard Book Number 9780443068041
040 ## - CATALOGING SOURCE
Transcribing agency DNLM
082 ## - DEWEY DECIMAL CLASSIFICATION NUMBER
Classification number QV4 G854t 2009
100 ## - MAIN ENTRY--PERSONAL NAME
Personal name Greenstein, Ben
9 (RLIN) 427
245 ## - TITLE STATEMENT
Title Trounce's clinical pharmacology for nurses
250 ## - EDITION STATEMENT
Edition statement 18th ed.
260 ## - PUBLICATION, DISTRIBUTION, ETC. (IMPRINT)
Place of publication, distribution, etc. Edinburgh;
Name of publisher, distributor, etc. Elsevier,
Date of publication, distribution, etc. 2009
300 ## - PHYSICAL DESCRIPTION
Extent xxvi,483p;
Other physical details col.ill:
Dimensions 25cm
504 ## - BIBLIOGRAPHY, ETC. NOTE
Bibliography, etc References, & index included
650 ## - SUBJECT ADDED ENTRY--TOPICAL TERM
Topical term or geographic name as entry element Pharmacology
9 (RLIN) 357
700 ## - ADDED ENTRY--PERSONAL NAME
Personal name Gould, Dinah
9 (RLIN) 5632
942 ## - ADDED ENTRY ELEMENTS (KOHA)
Source of classification or shelving scheme Other/Generic Classification Scheme
Koha item type Open Shelf
Holdings
Withdrawn status Lost status Source of classification or shelving scheme Damaged status Not for loan Home library Current library Date acquired Source of acquisition Inventory number Total Checkouts Full call number Barcode Date last seen Koha item type
    Other/Generic Classification Scheme     MUST Main Library MUST Main Library 01/09/2015   14/38665   QV4 G854t 2009 2015-2175 01/09/2015 Open Shelf